| Tag |
First Indicator |
Second Indicator |
Subfields |
| LEADER |
00000cam a22000001a 4500 |
| 001 |
in00003184921 |
| 006 |
m d f |
| 007 |
cr bn mmmapmmp |
| 008 |
090613s1928 dcu o f000 0 eng d |
| 005 |
20260604201508.9 |
| 035 |
|
|
|a cis2007409671
|
| 040 |
|
|
|a UMI
|c UMI
|d UtOrBLW
|
| 043 |
|
|
|a n-us---
|
| 086 |
0 |
|
|a Y 4.P 96/6:70-1/5
|
| 099 |
|
|
|a HRG-1928-PBG-0005
|
| 110 |
1 |
|
|a United States.
|b Congress.
|b House.
|b Committee on Public Buildings and Grounds.
|
| 245 |
1 |
0 |
|a Public Buildings and Grounds :
|b hearings before the United States House Committee on Public Buildings and Grounds, Seventieth Congress, first session, on Mar. 14, 21, 1928.
|
| 264 |
|
1 |
|a Washington :
|b U.S. G.P.O.,
|c 1928.
|
| 300 |
|
|
|a 1 online resource.
|
| 336 |
|
|
|a text
|b txt
|2 rdacontent
|
| 337 |
|
|
|a computer
|b c
|2 rdamedia
|
| 338 |
|
|
|a online resource
|b cr
|2 rdacarrier
|
| 500 |
|
|
|a Record is based on bibliographic data in ProQuest Congressional Hearings Digital Collection. Reuse except for individual research requires license from ProQuest, LLC.
|
| 520 |
|
|
|a Committee Serial No. 5. Considers legislation on miscellaneous PO and public building construction projects.
|
| 520 |
|
|
|a Considers (70) H.R. 11951, (70) H.R. 10799, (70) H.R. 10957.
|
| 538 |
|
|
|a System requirements: PDF reader software.
|
| 500 |
|
|
|a Electronic resource.
|
| 650 |
|
0 |
|a Public buildings
|x Design and construction
|x Law and legislation
|z United States.
|
| 650 |
|
0 |
|a Post office buildings
|x Design and construction
|x Law and legislation
|z Rhode Island.
|
| 655 |
|
7 |
|a Electronic books.
|2 local
|
| 710 |
2 |
|
|a ProQuest (Firm)
|
| 776 |
0 |
8 |
|i Print version:
|a United States. Congress. House. Committee on Public Buildings and Grounds.
|t Public Buildings and Grounds
|
| 776 |
0 |
8 |
|i Microfiche version:
|a United States. Congress. House. Committee on Public Buildings and Grounds.
|t Public Buildings and Grounds.
|d [Bethesda, Md.] : ProQuest,[2004]
|o CIS Hrgs MF Gp 1--H505-2
|w (ProQuest)cis10300721
|
| 830 |
|
0 |
|a U.S. Congressional Hearings.
|
| 856 |
4 |
0 |
|u http://proxy.library.tamu.edu/login?url=https://congressional.proquest.com/congcomp/getdoc?HEARING-ID=HRG-1928-PBG-0005
|z Connect to the full text of this electronic book
|t 0
|
| 998 |
|
|
|a cis10300721
|
| 999 |
|
|
|a MARS
|
| 999 |
f |
f |
|s 0de0923e-0165-31e8-9615-54f0adf0604e
|i b2af400d-320e-3e5e-8f02-8be0f63ee115
|t 0
|
| 952 |
f |
f |
|a Texas A&M University
|b College Station
|c Electronic Resources
|s www_evans
|d Available Online
|t 0
|e HRG-1928-PBG-0005
|h Other scheme
|
| 998 |
f |
f |
|a HRG-1928-PBG-0005
|t 0
|l Available Online
|